| 000 | 00476 a2200193 4500 | ||
|---|---|---|---|
| 003 | NUST | ||
| 005 | 20230124184628.0 | ||
| 010 | _a56010450 | ||
| 040 | _cNust | ||
| 082 | _a823,MET | ||
| 100 |
_aMetalious, Grace _9107577 |
||
| 245 |
_aPeyton Place / _cGrace Metalious, |
||
| 260 |
_aNew York, _bMessner _c1959 |
||
| 300 |
_a416 p.; _b22 cm |
||
| 505 | _aContents not Availbale | ||
| 600 |
_aMetalious, Grace _9107577 |
||
| 650 |
_aNovel _92525 |
||
| 942 |
_2ddc _cBK _k823,MET |
||
| 999 |
_c186794 _d186794 |
||